000 00587cab a2200217 4500
001 WB2635-03
008 090401t1990 xxu||||| |||| 00| 0 eng d
035 _a(Sirsi) u57236
041 _aeng
245 _aBanks call in loans
260 _c1990
350 _a0
490 _aObserver
_v2/9/90 p29
520 _aReports on how the current slump in the market is affecting both property companies and investment by the banks .
650 _aFUNDING
650 _aLENDING
650 _aRECESSION
690 _aPROPERTY-COMMERCIAL PROPERTY
942 _n0
948 _c04/03/1997
999 _c34878
_d34878